Cántico espiritual
Sparad:
| Huvudupphovsman: | |
|---|---|
| Materialtyp: | Bok |
| Språk: | Undetermined |
| Publicerad: |
Buenos Aires, Argentina
Estrada
1944
|
| Ämnen: | |
| Taggar: |
Lägg till en tagg
Inga taggar, Lägg till första taggen!
|
MARC
| LEADER | 00000nam a2200000Ia 4500 | ||
|---|---|---|---|
| 008 | 170316s9999 xx 000 0 und d | ||
| 040 | |a cru BVZT | ||
| 090 | |a 862 C-55c | ||
| 100 | |a Cruz, San Juan de la | ||
| 245 | |a Cántico espiritual | ||
| 260 | |a Buenos Aires, Argentina | ||
| 260 | |b Estrada | ||
| 260 | |c 1944 | ||
| 300 | |a 285 páginas | ||
| 650 | |a LITERATURA ESPAÑOLA | ||
| 650 | |a CÁNTICO ESPÍRITUAL | ||
| 650 | |a SAN JUAN DE LA CRUZ | ||
| 942 | |c 4 D | ||
| 999 | |c 9773 |d 9773 | ||
